[Event "OMA-ch 10th"]
[Site "Muscat"]
[Date "2023.02.19"]
[Round "5"]
[White "Al Kathiri, Salim Said"]
[Black "Musallam Salim, Al Aamri"]
[Result "0-1"]
[WhiteElo "1623"]
[BlackElo "1688"]
[PlyCount "109"]
[EventDate "2023.02.16"]
[EventType "swiss"]
[EventRounds "9"]
[EventCountry "OMN"]
[SourceTitle "EXT 2024"]
[Source "ChessBase"]
[SourceDate "2023.10.10"]
[SourceVersion "1"]
[SourceVersionDate "2023.10.10"]
[SourceQuality "1"]

1. e4 d6 2. d4 Nf6 3. Nc3 c6 4. f4 Qa5 5. Qf3 e5 6. Bd2 Qc7 7. dxe5 dxe5 8. f5 b5 9. a3 a5 10. Bd3 Bb7 11. Nge2 Bc5 12. Be3 Qb6 13. Nd1 h5 14. Bxc5 Qxc5 15. Qf2 Na6 16. Ne3 Rd8 17. 0-0 Qb6 18. Kh1 h4 19. Ng4 Qxf2 20. Nxf6+ gxf6 21. Rxf2 Nc5 22. Rf3 a4 23. Kg1 Ke7 24. Nc3 Rd4 25. Kf2 Rhd8 26. Ke2 Rg8 27. Rg1 Rg4 28. h3 Rg8 29. g3 b4 30. axb4 Rxb4 31. Nd1 Nxd3 32. cxd3 Ba6 33. Kd2 c5 34. Kc2 c4 35. dxc4 Bxc4 36. Nc3 Rgb8 37. Rb1 Bb3+ 38. Kd2 Rd4+ 39. Ke3 Bc2 40. Rc1 Rxb2 41. Ne2 Rxe4+ 42. Kf2 Bb3 43. Re3 hxg3+ 44. Kf3 Rxe3+ 45. Kxe3 g2 46. Nc3 Rc2 47. Rg1 Rxc3+ 48. Kd2 Rc2+ 49. Kd3 Kf8 50. h4 Kg7 51. Ke4 Kh6 52. Kf3 a3 53. Kg4 Bd5 54. Kh3 a2 55. h5 0-1

[Event "OMA-ch"]
[Site "Muscat"]
[Date "2019.12.05"]
[Round "4"]
[White "Al Kathiri, Salim Said"]
[Black "Salim, Mohammed Salim Al"]
[Result "0-1"]
[WhiteElo "1763"]
[BlackElo "1921"]
[PlyCount "134"]
[EventDate "2019.12.02"]
[EventType "swiss"]
[EventRounds "9"]
[EventCountry "OMN"]
[SourceTitle "CBM 195 Extra"]
[Source "ChessBase"]
[SourceDate "2020.05.31"]
[SourceVersion "1"]
[SourceVersionDate "2020.05.31"]
[SourceQuality "1"]

1. d4 d5 2. c4 c6 3. Nc3 Nf6 4. Nf3 e6 5. Bg5 Nbd7 6. e3 Qa5 7. a3 Ne4 8. Qa4 Qxa4 9. Nxa4 Nxg5 10. Nxg5 dxc4 11. Nc3 b5 12. g3 Be7 13. Nh3 Bb7 14. Bg2 a6 15. e4 c5 16. d5 e5 17. f4 Bd6 18. Kd2 Ke7 19. Rhc1 Nb6 20. Nd1 Bc8 21. Ne3 Re8 22. f5 f6 23. g4 Kd7 24. Rg1 h6 25. Nf2 a5 26. Bf1 Ba6 27. h4 Be7 28. Nh3 Nc8 29. Be2 Nd6 30. Bf3 Reb8 31. g5 hxg5 32. hxg5 Rh8 33. Rg3 Rh4 34. gxf6 gxf6 35. Nf2 Rah8 36. Rg7 Rf4 37. Rg3 Rh2 38. Ke1 Rxf2 39. Kxf2 Nxe4+ 40. Kg2 Nxg3 41. Kxg3 Rd4 42. Rh1 Bb7 43. Rh7 e4 44. Ng4 Kd6 45. Bg2 Bxd5 46. Ne3 Bc6 47. Kf4 Rd2 48. Bf1 Rf2+ 49. Kg4 Rxb2 50. Bxc4 Rf2 51. Be6 Rf3 52. Ng2 Rxa3 53. Nf4 e3 54. Ng6 Bd8 55. Nh8 Be8 56. Kf3 c4 57. Nf7+ Bxf7 58. Rxf7 Be7 59. Rh7 Rb3 60. Rh1 a4 61. Rd1+ Kc6 62. Rd7 Bd6 63. Ra7 a3 64. Ra8 Kc5 65. Rc8+ Kb4 66. Rd8 Be5 67. Rd5 a2 0-1

[Event "Olympiad-43"]
[Site "Batumi"]
[Date "2018.10.02"]
[Round "8.4"]
[White "Al Kathiri, Salim Said"]
[Black "Karimov, Alisher"]
[Result "0-1"]
[WhiteElo "1773"]
[BlackElo "2182"]
[PlyCount "84"]
[EventDate "2018.09.24"]
[EventType "team-swiss"]
[EventRounds "11"]
[EventCountry "GEO"]
[SourceTitle "CBM 187"]
[Source "ChessBase"]
[SourceDate "2018.12.11"]
[SourceVersion "1"]
[SourceVersionDate "2018.12.11"]
[SourceQuality "1"]
[WhiteTeam "Oman"]
[BlackTeam "Tajikistan"]
[WhiteTeamCountry "OMN"]
[BlackTeamCountry "TJK"]

1. e4 c5 2. Nf3 a6 3. d4 cxd4 4. Nxd4 Nf6 5. Nc3 e5 6. Nb3 Bb4 7. Be2 Nxe4 8. Qd3 Nxc3 9. bxc3 Be7 10. Qg3 0-0 11. 0-0 Nc6 12. Bh6 Bf6 13. Nc5 Ne7 14. Be3 d5 15. Bg4 Ng6 16. Qh3 Bg5 17. Bxc8 Rxc8 18. Nd7 Re8 19. f4 Nxf4 20. Bxf4 Bxf4 21. Rfd1 d4 22. cxd4 exd4 23. Rf1 Be3+ 24. Kh1 Rc7 25. Nb6 d3 26. Nc4 Rxc4 27. cxd3 Rc7 28. d4 Rd7 29. Rae1 Rde7 30. Qf3 Qxd4 31. Rd1 Qe4 32. Qxe4 Rxe4 33. Rd7 R4e7 34. Rd3 Bc5 35. g3 Re1 36. Rdf3 Rxf1+ 37. Rxf1 Re2 38. Rc1 Bf8 39. a4 b5 40. axb5 axb5 41. Kg1 b4 42. h4 b3 0-1